00401nam a2200145Ia 4500003000400000008004100004040001600045082001600061100001400077245006400091700001900155260003400174300001000208650003700218GCL140319s9999 xx 000 0 eng d aGCL / cGCL04a373.41bM T1 aMOON, BOB10aTEACHING AND LEARNING IN THE SECONDARY SCHOOL / cMOON, BOB1 aMAYES, SHELTON a[S.N] : bROUTLEDGE ، c1994 a386 P04aEDUCATION - SECONDARY SCHOOL MAN